Sports Quiz

Random Sports or Baseball Quiz

MLB Games Leaders Not in HOF Quiz Stats

 Plays Quiz Updated Mar 29, 2018

Challenge
Share
Tweet
Embed
Score 0/38 Timer 10:00
4 Plays Today
Overall Ranking Player % Correct
10Barry Bonds
95.8%
1Pete Rose
94.7%
26Alex Rodriguez
67.1%
47Albert Pujols
60.3%
28Derek Jeter
59.9%
37Ichiro Suzuki
59.2%
22Adrian Beltre
57%
42Luis Gonzalez
54.7%
100Sammy Sosa
53.7%
18Rafael Palmeiro
52.7%
85Buddy Bell
42.9%
12Omar Vizquel
42.1%
84David Ortiz
41.5%
44Carlos Beltran
35.7%
46Gary Sheffield
33.3%
40Dwight Evans
31.8%
32Darrell Evans
31.7%
63Dave Concepcion
30.6%
13Rusty Staub
30.6%
Overall Ranking Player % Correct
91Lou Whitaker
28.5%
69Dave Parker
26.2%
79Willie Davis
25.6%
76Chili Davis
25.5%
57Gary Gaetti
22.7%
45Steve Finley
20.9%
70Fred McGriff
20.6%
53Julio Franco
20%
31Graig Nettles
19.6%
62Johnny Damon
19.2%
95Torii Hunter
17.2%
55Bill Buckner
12.5%
97Al Oliver
12.1%
80Bobby Abreu
11.5%
67Vada Pinson
11.4%
71Ted Simmons
11.2%
83Mickey Vernon
4.2%
72Bill Dahlen
3.6%
73Ron Fairly
2.4%

You're not logged in!

Compare scores with friends on all Sporcle quizzes.
OR
Log In

You Might Also Like...

Show Comments

Extras

Top Quizzes Today


Score Distribution

Your Account Isn't Verified!

In order to create a playlist on Sporcle, you need to verify the email address you used during registration. Go to your Sporcle Settings to finish the process.

Report this User

Report this user for behavior that violates our Community Guidelines.

Details: